000 01192nam a2200229Ia 4500
999 _c38144
_d38144
001 4134
003 GE_BSU
005 20190926173720.0
008 181216s1976||||ge |||||||||||||| ||geo||
040 _cGE_BSU
080 _a398(479.22)+821.353.1.09 ა–97
245 _aქართული ფოლკლორი :
_bმასალები და გამოკვლევები. ტ. 6 /
_cრედ. მ. ჩიქოვანი. ჯ. ბარდაველიძე.
264 _aთბ.:
_bმეცნიერება,
_c1976.
300 _a176 გვ.
_b22 სმ.
504 _aბიბლიოგრ. ტექსტის შენიშვნებში.
520 _aპარალ. თავფურცელი რუსულ ენაზე.
653 _aქართული ფოლკლორი.
700 _aჩიქოვანი, მ.
_eრედაქტორი
_94338
700 _aბარდაველიძე, ჯ.
_eრედაქტორი
_94339
710 _aსაქ. სსრ მეცნ. აკად., რუსთაველის სახ. ქართ. ლიტ. ინ-ტი.
_94340
942 _cBK
_2udc